00545nam a2200205 a 4500001001300000003000900013005001700022008004100039020002200080082001600102100002100118245004700139260003600186300000800222500003500230505001000265650002100275650002200296700002100318nice12345678IN_TiNIC20260116012841.0050524s1993 shia grp 000 0 eng  a8185952 c3000a211.6bBHA1 aBharucha, Rustom aQuestion of Faithb Tracts for the Times/3 aShimlabIndian Institute c1993 a94p aincludes index and biblioraphy2 aIndex aSecularism-India aIndia-Communalism1 aBharucha, Rustom